000
00300nam a2200109Ia 4500
008
200302s9999 xx 000 0 und d
100
_a
Department of Education
245
_a
School Furniture Dimensions Standing and Reaching
260
_b
Cbs Puglishers & Distributors
260
_c
1974
300
_a
29 P.,
999
_c
494
_d
494